Perceptions of teacher trainees on the effectiveness of the listening and speaking component of the KDPM english studies syllabus /
Saved in:
| Main Author: | |
|---|---|
| Format: | Thesis Book |
| Language: | English |
| Tags: |
Add Tag
No Tags, Be the first to tag this record!
|
| LEADER | 00927cam a2200253 i 4500 | ||
|---|---|---|---|
| 001 | u1025852 | ||
| 003 | SIRSI | ||
| 005 | 201512171520 | ||
| 008 | 151217s2002 my a m 000 0 eng u | ||
| 040 | |a UMM |e rda | ||
| 090 | |a LB7 |b A4 UM 2002 Wee | ||
| 100 | 1 | |a Wee, Moon Leong. | |
| 245 | 1 | 0 | |a Perceptions of teacher trainees on the effectiveness of the listening and speaking component of the KDPM english studies syllabus / |c Wee Moon Leong. |
| 264 | 1 | |c Ã2002 | |
| 264 | 4 | |c 2002 | |
| 300 | |a viii, 80 leaves : |b illustrations ; |c 30 cm. | ||
| 336 | |a text |2 rdacontent | ||
| 337 | |a unmediated |2 rdamedia | ||
| 338 | |a volume |2 rdacarrier | ||
| 502 | |b M.Ed. |c Fakulti Pendidikan, Universiti Malaya |d 2002. | ||
| 504 | |a Bibliography: leaves 66-70. | ||
| 710 | 2 | |a Universiti Malaya. |b Fakulti Pendidikan. |e degree granting institution | |
| 596 | |a 8 | ||
| 999 | |a LB7 A4 UM 2002 WEE |w LC |c 1 |i A516668153 |l STACKS |m P08PENDIDI |r Y |s Y |t TESIS |u 16/2/2017 | ||
